000 00474nam a2200169Ia 4500
999 _c36833
_d36833
003 OSt
005 20201215121325.0
008 190216s9999||||xx |||||||||||||| ||und||
040 _coclc
082 _a894.8128
_bRAJ/P
100 _aRajesh, N B
_96970
245 0 _aParisthithi Quiz /
_cN B Rajesh
260 _bOrient Publishers,
_aKozhikode:
_c2006.
300 _a48p
650 _aMalayalam
942 _cREF
_2ddc
_h894.8128
_iRAJ/P
_k894.8128
_mRAJ/P